[Event "Leningrad"]
[Site "?"]
[Date "1987.??.??"]
[Round "?"]
[White "Gurevich, M."]
[Black "Georgiev, Kir"]
[Result "1/2-1/2"]
[WhiteElo "2540"]
[BlackElo "2590"]
[PlyCount "196"]
[EventDate "1987.??.??"]
[Source "ChessBase"]
[SourceDate "1987.01.01"]

1. d4 Nf6 2. c4 e6 3. Nc3 Bb4 4. e3 c5 5. Bd3 Nc6 6. Nge2 cxd4 7. exd4 d5 8. cxd5 Qxd5 9. O-O Qh5 10. Ne4 Be7 11. Be3 O-O 12. Nxf6+ Bxf6 13. Rc1 Rd8 14. Rc5 e5 15. Qb1 Be7 16. Nf4 Qh4 17. g3 Qh6 18. Nd5 Bg5 19. Bxg5 Qxg5 20. dxe5 Qxe5 21. Bxh7+ Kf8 22. Re1 Qd4 23. Qc1 Rxd5 24. Rxc6 bxc6 25. Qxc6 Bb7 26. Qxb7 Re8 27. Rxe8+ Kxe8 28. Bc2 g6 29. Bb3 Rf5 30. Qc8+ Ke7 31. Qc2 Kf8 32. Bc4 Re5 33. b3 Re1+ 34. Kg2 Rd1 35. Qe2 Rd2 36. Qf3 f5 37. a4 Qe4 38. h4 Ke7 39. Ba6 Kf6 40. Bc4 a5 41. Ba6 g5 42. hxg5+ Kxg5 43. Qxe4 fxe4 44. Kf1 Rb2 45. Bc4 Kg4 46. Be2+ Kf5 47. Bc4 Ke5 48. Kg1 Kd4 49. Kf1 e3 50. fxe3+ Kxe3 51. g4 Kf3 52. Ke1 Kxg4 53. Kd1 Kf4 54. Kc1 Rh2 55. Bb5 Ke3 56. Bc4 Kd4 57. Kd1 Kc3 58. Ke1 Kc2 59. Bd5 Rh3 60. Ke2 Rh5 61. Bc4 Re5+ 62. Kf2 Re8 63. Kf3 Kc3 64. Kf2 Kd4 65. Kf3 Re3+ 66. Kf2 Re7 67. Kf3 Re8 68. Kf2 Kc3 69. Kf3 Kd2 70. Kf4 Re3 71. Bd5 Kd3 72. Bc4+ Kd4 73. Bf7 Rh3 74. Bc4 Rc3 75. Kf5 Rf3+ 76. Ke6 Rf4 77. Bb5 Kc5 78. Ke5 Rf3 79. Bc4 Re3+ 80. Kf4 Kd4 81. Bf7 Rc3 82. Bc4 Rh3 83. Kg4 Re3 84. Kf4 Rc3 85. Kf5 Rh3 86. Kg4 Rh2 87. Kg3 Rd2 88. Kf3 Rc2 89. Bf7 Rb2 90. Bc4 Ra2 91. Be6 Rh2 92. Bc4 Kc3 93. Ke3 Rd2 94. Kf3 Kd4 95. Bf7 Ra2 96. Be6 Rc2 97. Bc4 Rxc4 98. bxc4 Kxc4 1/2-1/2

[Event "Hoogovens"]
[Site "Wijk aan Zee"]
[Date "1989.??.??"]
[Round "?"]
[White "Sokolov, Ivan"]
[Black "Benjamin, Joel"]
[Result "1/2-1/2"]
[WhiteElo "2580"]
[BlackElo "2545"]
[PlyCount "23"]
[EventDate "1989.01.??"]
[Source "ChessBase"]

1. d4 Nf6 2. c4 e6 3. Nc3 Bb4 4. e3 c5 5. Bd3 Nc6 6. Nge2 cxd4 7. exd4 d5 8. cxd5 Nxd5 9. Bc2 Bd6 10. Ne4 Bb4+ 11. N4c3 Bd6 12. Ne4 1/2-1/2

[Event "EU-ch 3rd"]
[Site "Batumi"]
[Date "2002.06.15"]
[Round "4"]
[White "Milov, Vadim"]
[Black "Chiburdanidze, Maia"]
[Result "1-0"]
[WhiteElo "2606"]
[BlackElo "2516"]
[PlyCount "73"]
[EventDate "2002.06.12"]
[Source "ChessBase"]
[SourceDate "2002.09.20"]

1. d4 Nf6 2. c4 e6 3. Nc3 Bb4 4. e3 c5 5. Bd3 cxd4 6. exd4 d5 7. cxd5 Nxd5 8. Nge2 Nc6 9. a3 Nxc3 10. bxc3 Be7 11. Be4 Bd7 12. Qd3 h6 13. Qg3 Bg5 14. h4 Bf6 15. Bf4 Rc8 16. Rd1 Na5 17. O-O Ba4 18. Rb1 Bc6 19. Bd3 Bd5 20. Bb5+ Bc6 21. a4 h5 22. Be5 a6 23. Bxc6+ Rxc6 24. Rfd1 Rc4 25. Nf4 Kf8 26. Re1 Qc8 27. Bxf6 gxf6 28. Nxe6+ fxe6 29. Qg6 Ke7 30. Qg7+ Kd6 31. Qxf6 Qd8 32. Rxe6+ Kc7 33. Qe5+ Kc8 34. Rxa6 bxa6 35. Rb8+ Kd7 36. Rxd8+ Rxd8 37. Qxa5 1-0

[Event "DSV-Turnier"]
[Site "Potsdam"]
[Date "1985.??.??"]
[Round "1"]
[White "Knaak, Rainer"]
[Black "Agzamov, Georgy"]
[Result "1/2-1/2"]
[WhiteElo "2530"]
[BlackElo "2590"]
[PlyCount "121"]
[EventDate "1985.04.03"]
[Source "ChessBase"]

1. d4 Nf6 2. c4 e6 3. Nc3 Bb4 4. e3 c5 5. Bd3 Nc6 6. Nge2 d5 7. cxd5 exd5 8. a3 cxd4 9. axb4 dxc3 10. b5 Ne5 11. Nxc3 d4 12. exd4 Qxd4 13. Be2 Qxd1+ 14. Nxd1 Nd5 15. Nc3 Be6 16. f4 Nxc3 17. bxc3 Nc4 18. f5 Bd5 19. O-O O-O 20. Rd1 Rfe8 21. Rxd5 Rxe2 22. Rd4 Nb2 23. Bf4 h5 24. Rd7 b6 25. h3 Re4 26. g3 Na4 27. Bd2 Rc8 28. Rxa7 Nxc3 29. Ra8 Ree8 30. Rxc8 Rxc8 31. Be3 Nxb5 32. Bxb6 Nd6 33. Rf1 Ne4 34. Bf2 Rc2 35. Kg2 Kh7 36. Kg1 Ra2 37. Be1 Re2 38. Bf2 Kh6 39. h4 Ra2 40. Be3+ Kh7 41. Bf4 Nc3 42. Rf2 Ra5 43. Bd2 Ra1+ 44. Kg2 Ne4 45. Re2 Ra4 46. Bf4 Nf6 47. Re5 Ng4 48. Rb5 Ra2+ 49. Kf3 Ra3+ 50. Kg2 Ra7 51. Kf3 Nf6 52. Kg2 Rd7 53. Ra5 Nd5 54. Kf3 f6 55. Ke4 Nc3+ 56. Ke3 Re7+ 57. Kf3 Rb7 58. Bd2 Nb5 59. Be3 Nd6 60. Rd5 Nc4 61. Bf4 1/2-1/2

[Event "IBM"]
[Site "Amsterdam"]
[Date "1973.??.??"]
[Round "6"]
[White "Donner, Jan Hein"]
[Black "Petrosian, Tigran V"]
[Result "1/2-1/2"]
[WhiteElo "2480"]
[BlackElo "2640"]
[PlyCount "42"]
[EventDate "1973.??.??"]
[Source "ChessBase"]

1. d4 e6 2. c4 Bb4+ 3. Nc3 Nf6 4. e3 c5 5. Bd3 b6 6. Nge2 cxd4 7. exd4 O-O 8. d5 Re8 9. O-O Na6 10. a3 Be7 11. Nd4 Bb7 12. Bf4 Bf8 13. Ndb5 exd5 14. cxd5 d6 15. Rc1 Nc5 16. Bc4 a6 17. Nd4 b5 18. Ba2 Qd7 19. Qf3 Qg4 20. Qxg4 Nxg4 21. Rfd1 Ne5 1/2-1/2

[Event "Szirak Interzonal"]
[Site "Szirak"]
[Date "1987.??.??"]
[Round "12"]
[White "Christiansen, Larry Mark"]
[Black "Adorjan, Andras"]
[Result "1-0"]
[WhiteElo "2575"]
[BlackElo "2540"]
[PlyCount "99"]
[EventDate "1987.07.??"]
[Source "ChessBase"]

1. d4 Nf6 2. c4 e6 3. Nc3 Bb4 4. e3 c5 5. Bd3 Nc6 6. Nge2 cxd4 7. exd4 d5 8. cxd5 Qxd5 9. O-O Qh5 10. Ne4 Nxe4 11. Bxe4 O-O 12. Qd3 Bd6 13. Nf4 Bxf4 14. Bxf4 Rd8 15. Qe3 Bd7 16. Rac1 h6 17. Rc5 Qh4 18. Bc7 Re8 19. Rd1 Rac8 20. Bd6 b6 21. Rc3 Na5 22. Bg3 Rxc3 23. bxc3 Qh5 24. Bc2 Bb5 25. Re1 Bc4 26. Bb1 Rc8 27. h3 f5 28. Bf4 Qh4 29. Qd2 Bd5 30. Bd3 Qh5 31. Re3 Nc4 32. Bxc4 Rxc4 33. Rg3 Kh7 34. Be5 g5 35. f4 Rc8 36. fxg5 Rg8 37. c4 Be4 38. Bf6 hxg5 39. Bxg5 Rg7 40. Kh2 Rg8 41. Qf4 Rg7 42. Bf6 Rxg3 43. Qc7+ Kh6 44. Qxg3 Qg6 45. Qh4+ Qh5 46. Bg7+ Kg6 47. Qf6+ Kh7 48. Qe7 Qg6 49. Bf6+ Kg8 50. Qxe6+ 1-0

[Event "ARG-ch"]
[Site "ARG"]
[Date "1995.??.??"]
[Round "1"]
[White "Ricardi, Pablo"]
[Black "Zarnicki, Pablo"]
[Result "1/2-1/2"]
[WhiteElo "2545"]
[BlackElo "2570"]
[PlyCount "101"]
[EventDate "1995.??.??"]
[Source "ChessBase"]

1. d4 Nf6 2. c4 e6 3. Nc3 Bb4 4. Nf3 c5 5. e3 Ne4 6. Qc2 Qa5 7. Qxe4 Bxc3+ 8. Nd2 Bb4 9. a3 cxd4 10. exd4 d5 11. Qb1 Bxd2+ 12. Bxd2 Qd8 13. c5 Nc6 14. Be3 e5 15. dxe5 Nxe5 16. Bb5+ Bd7 17. Bxd7+ Qxd7 18. O-O O-O 19. Rd1 Rfe8 20. h3 Re6 21. Bf4 Rae8 22. Bxe5 Rxe5 23. Qd3 R8e6 24. b4 h5 25. Rd2 Qc7 26. Rf1 h4 27. f4 Re1 28. Rdf2 Qc6 29. Rxe1 Rxe1+ 30. Rf1 Re4 31. Rd1 d4 32. Qf3 Qe6 33. Qf2 Qf6 34. Qf3 Qxf4 35. Qxf4 Rxf4 36. Re1 Kf8 37. Re5 f5 38. Re6 Kf7 39. Rd6 Ke7 40. Rd5 Ke6 41. Rd6+ Ke5 42. Rd7 Ke4 43. Re7+ Kd3 44. Rxb7 Kc3 45. c6 d3 46. Rd7 d2 47. c7 Rc4 48. Kf2 Kc2 49. Ke2 Re4+ 50. Kf2 Rc4 51. Ke2 1/2-1/2

[Event "XVII Festival"]
[Site "Abu Dhabi EAU"]
[Date "2007.08.16"]
[Round "5"]
[White "Aleksandrov, A."]
[Black "Ibrahimov, R."]
[Result "1/2-1/2"]
[WhiteElo "2605"]
[BlackElo "2504"]
[PlyCount "93"]
[EventDate "2007.08.12"]
[Source "www.chesslib.no"]
[SourceDate "2004.05.04"]

1. d4 Nf6 2. c4 e6 3. Nc3 Bb4 4. e3 c5 5. Bd3 d5 6. cxd5 exd5 7. Nge2 Nc6 8. a3 cxd4 9. axb4 dxc3 10. b5 Ne5 11. Nxc3 Nxd3+ 12. Qxd3 O-O 13. Qd4 a6 14. O-O Be6 15. bxa6 Rxa6 16. Rxa6 bxa6 17. Bd2 Qb8 18. Ne2 Ne4 19. Bc3 Nxc3 20. Qxc3 Rc8 21. Qd2 Qb6 22. Nd4 a5 23. b3 h6 24. h3 Bd7 25. Ra1 Rc5 26. f4 Qc7 27. Kf2 Bf5 28. b4 axb4 29. Qxb4 Be4 30. Qb2 Kh7 31. Rd1 Rc4 32. Kg1 Qd6 33. Kh2 Rb4 34. Qf2 Qb6 35. Rd2 Rb1 36. Ne2 Rb3 37. Nd4 Ra3 38. Rb2 Qa6 39. Qe2 Qc8 40. Ra2 Rd3 41. Rd2 Rc3 42. Nb5 Rb3 43. Nd6 Qe6 44. Nxe4 Qxe4 45. Rd4 Qxe3 46. Qxe3 Rxe3 47. Rxd5 1/2-1/2

[Event "New York Generation"]
[Site "New York"]
[Date "2003.04.27"]
[Round "4"]
[White "Akobian, Varuzhan"]
[Black "Yudasin, Leonid"]
[Result "0-1"]
[WhiteElo "2547"]
[BlackElo "2558"]
[PlyCount "112"]
[EventDate "2003.04.23"]
[Source "ChessBase"]
[SourceDate "2003.07.25"]

1. d4 Nf6 2. c4 e6 3. Nc3 Bb4 4. e3 c5 5. Bd3 d5 6. Nge2 cxd4 7. exd4 O-O 8. cxd5 Qxd5 9. O-O Qh5 10. a3 Bd6 11. Bf4 Bxf4 12. Nxf4 Qxd1 13. Rfxd1 Rd8 14. Be2 Nc6 15. d5 exd5 16. Nfxd5 Nxd5 17. Nxd5 Bf5 18. Bf3 Kf8 19. Ne3 Be6 20. Bxc6 bxc6 21. Kf1 Ke7 22. Ke2 c5 23. Rxd8 Rxd8 24. Rd1 Rxd1 25. Nxd1 Kd6 26. Kd3 Ke5 27. Nc3 Kd6 28. f3 f6 29. Ne4+ Kd5 30. Nc3+ Kd6 31. Ne2 Bc8 32. Ng3 Ba6+ 33. Ke3 Ke5 34. Nh5 g6 35. Ng3 f5 36. Nh1 f4+ 37. Kd2 Bf1 38. g3 Bg2 39. Nf2 fxg3 40. hxg3 Bxf3 41. Ke3 Bb7 42. Ng4+ Kf5 43. Nh6+ Kg5 44. Nf7+ Kg4 45. Kf2 Bd5 46. Ne5+ Kf5 47. Nd7 c4 48. Ke3 h5 49. Kd4 Be6 50. Nc5 g5 51. Ke3 Bd5 52. Kf2 Bc6 53. Na6 Kg4 54. Nc5 h4 55. gxh4 gxh4 56. Ne6 h3 0-1

[Event "Las Palmas Open"]
[Site "Las Palmas ESP"]
[Date "1993.??.??"]
[Round "?"]
[White "Vaisser, Anatoli V"]
[Black "Kurajica, Bojan"]
[Result "1/2-1/2"]
[WhiteElo "2570"]
[BlackElo "2535"]
[PlyCount "50"]
[EventDate "1993.09.??"]
[Source "www.chesslib.no"]
[SourceDate "2004.05.04"]

1. d4 Nf6 2. c4 e6 3. Nc3 Bb4 4. e3 c5 5. Bd3 Nc6 6. Nge2 cxd4 7. exd4 d5 8. cxd5 Nxd5 9. Bc2 Qa5 10. O-O O-O 11. Qd3 g6 12. Bb3 Nxc3 13. bxc3 Be7 14. Ng3 Qd8 15. Bh6 Re8 16. Rad1 Na5 17. c4 b6 18. Rfe1 Bb4 19. Re3 Bb7 20. Ba4 Qh4 21. Bxe8 Rxe8 22. c5 bxc5 23. dxc5 Rc8 24. Qb5 Bc6 25. Qa6 Bb7 1/2-1/2

[Event "Rubinstein mem"]
[Site "Polanica Zdroj"]
[Date "1977.??.??"]
[Round "3"]
[White "Hort, Vlastimil"]
[Black "Adamski, Jan"]
[Result "1-0"]
[WhiteElo "2620"]
[BlackElo "2470"]
[PlyCount "80"]
[EventDate "1977.08.??"]
[Source "ChessBase"]

1. d4 Nf6 2. c4 e6 3. Nc3 Bb4 4. e3 O-O 5. Bd3 c5 6. Nf3 Nc6 7. O-O Bxc3 8. bxc3 d6 9. e4 e5 10. d5 Ne7 11. Nh4 h6 12. Qf3 Ng6 13. Nf5 Bxf5 14. Qxf5 Nh7 15. Rb1 Qe7 16. g3 Rac8 17. h4 Rc7 18. Rb2 Qd7 19. Kg2 Qxf5 20. exf5 Nh8 21. Be2 f6 22. Bh5 Rd8 23. Re1 Nf7 24. Kf3 Rdd7 25. Ke4 Nf8 26. Be3 Nh7 27. Reb1 Nd8 28. Rb3 Rc8 29. Ra3 a6 30. Rab3 Rcc7 31. Rb6 Nf7 32. g4 Kf8 33. Bg6 Kg8 34. f4 Nf8 35. Bh5 Nh7 36. Bd2 Kf8 37. Rg1 exf4 38. Bxf7 Kxf7 39. Bxf4 Ke7 40. Re1 Nf8 1-0

[Event "Padova op"]
[Site "Padova"]
[Date "1998.12.19"]
[Round "8"]
[White "Ortega, Lexy"]
[Black "Khenkin, Igor"]
[Result "0-1"]
[WhiteElo "2490"]
[BlackElo "2600"]
[PlyCount "77"]
[EventDate "1998.12.??"]
[Source "www.chesslib.no"]
[SourceDate "2004.05.04"]

1. d4 Nf6 2. c4 e6 3. Nc3 Bb4 4. e3 c5 5. Bd3 Nc6 6. Nge2 cxd4 7. exd4 d5 8. cxd5 Nxd5 9. a3 Nxc3 10. bxc3 Bd6 11. Ng3 O-O 12. Ne4 Be7 13. h4 f5 14. Ng5 h6 15. Nf3 e5 16. Bc4+ Kh8 17. Ng5 Qe8 18. d5 Na5 19. Ba2 Bd6 20. Ne6 Bxe6 21. dxe6 Rd8 22. O-O e4 23. Qe2 Nc6 24. Rb1 b6 25. Rb5 Ne5 26. e7 Qxe7 27. Bg5 Nf3+ 28. gxf3 hxg5 29. fxe4 g6 30. Rd5 gxh4 31. Qe3 Kh7 32. exf5 Rxf5 33. Rfd1 Rxd5 34. Rxd5 Qxe3 35. fxe3 g5 36. Kg2 g4 37. Rh5+ Kg6 38. Rxh4 Kg5 39. Rh7 0-1

[Event "4th IECC"]
[Site "Istanbul"]
[Date "2003.05.30"]
[Round "1"]
[White "Comas Fabrego, Luis"]
[Black "Andersson, Ulf"]
[Result "1/2-1/2"]
[WhiteElo "2490"]
[BlackElo "2594"]
[PlyCount "53"]
[EventDate "2003.05.30"]
[Source "Roberto Alvarez"]
[SourceDate "2003.06.23"]

1. d4 Nf6 2. c4 e6 3. Nc3 Bb4 4. e3 c5 5. Bd3 d5 6. cxd5 Nxd5 7. Nge2 cxd4 8. exd4 Nd7 9. a3 Bxc3+ 10. bxc3 O-O 11. O-O b6 12. c4 N5f6 13. Bb2 Bb7 14. Ng3 Qc7 15. Qd2 Rfe8 16. Rfe1 h6 17. h3 Rac8 18. Rac1 Qb8 19. d5 exd5 20. Nf5 Rxe1+ 21. Rxe1 Re8 22. Rxe8+ Qxe8 23. Qf4 dxc4 24. Bxc4 Qe4 25. Bxf7+ Kf8 26. Qxe4 Nxe4 27. Be6 1/2-1/2

[Event "White Nights"]
[Site "St Petersburg"]
[Date "1998.06.24"]
[Round "5"]
[White "Kruppa, Yuri"]
[Black "Yudasin, Leonid"]
[Result "1/2-1/2"]
[WhiteElo "2540"]
[BlackElo "2540"]
[PlyCount "51"]
[EventDate "1998.06.??"]
[Source "www.chesslib.no"]
[SourceDate "2004.05.04"]

1. d4 Nf6 2. c4 e6 3. Nc3 Bb4 4. e3 c5 5. Bd3 Nc6 6. Nge2 cxd4 7. exd4 d5 8. cxd5 Qxd5 9. O-O Qh5 10. Ne4 Be7 11. Nxf6+ Bxf6 12. Be3 O-O 13. Rc1 Rd8 14. Rc5 e5 15. Qb1 Qh4 16. dxe5 Nxe5 17. Be4 Ng4 18. Bf4 Be7 19. Bg3 Qh6 20. Rc3 Nf6 21. Bf3 Nd5 22. Rb3 Nb4 23. Qe4 Nc6 24. Qa4 Bc5 25. Rb5 Bf8 26. Rb3 1/2-1/2

[Event "Bourbon Lancy op"]
[Site "Bourbon Lancy"]
[Date "1997.??.??"]
[Round "9"]
[White "Gofshtein, Leonid D"]
[Black "Filippov, Valerij"]
[Result "1/2-1/2"]
[WhiteElo "2545"]
[BlackElo "2535"]
[PlyCount "99"]
[EventDate "1997.10.25"]
[Source "ChessBase"]
[SourceDate "1998.03.09"]

1. d4 Nf6 2. c4 e6 3. Nc3 Bb4 4. e3 c5 5. Bd3 Nc6 6. Nge2 cxd4 7. exd4 d5 8. O-O O-O 9. a3 Be7 10. cxd5 Nxd5 11. Bc2 b6 12. Qd3 g6 13. Bh6 Re8 14. Rad1 Bf6 15. Ne4 Bh8 16. Bg5 Qd7 17. Ba4 Bb7 18. N2c3 f5 19. Nd2 a6 20. Nf3 Nxc3 21. Qxc3 Rac8 22. Ne5 Qd5 23. Bxc6 Bxc6 24. Qg3 Ba4 25. Rd2 Rc2 26. Rxc2 Bxc2 27. Qc3 Ba4 28. h4 Bg7 29. Re1 Rf8 30. Qe3 Rc8 31. h5 Be8 32. hxg6 hxg6 33. Bf4 Rc2 34. Qd3 Rxb2 35. Rc1 Bd7 36. Rc7 Rb3 37. Qxa6 Rb1+ 38. Kh2 Qxd4 39. Qa8+ Bf8 40. Nxg6 Rh1+ 41. Kxh1 Qd1+ 42. Kh2 Qh5+ 43. Nh4 Qxh4+ 44. Kg1 Qxf4 45. Rxd7 Qc1+ 46. Kh2 Qf4+ 47. g3 Qxf2+ 48. Kh3 Qf1+ 49. Kh4 Qe2 50. Kh3 1/2-1/2

[Event "21st open"]
[Site "Metz"]
[Date "2003.04.22"]
[Round "4.1"]
[White "Gurevich, Mikhail"]
[Black "Bagheri, Amir"]
[Result "1-0"]
[WhiteElo "2635"]
[BlackElo "2439"]
[PlyCount "145"]
[EventDate "2003.04.19"]
[Source "Roberto Alvarez"]
[SourceDate "2003.04.28"]

1. d4 Nf6 2. c4 e6 3. Nc3 Bb4 4. e3 c5 5. Bd3 d5 6. cxd5 Nxd5 7. Nge2 cxd4 8. exd4 Nd7 9. a3 Nxc3 10. Nxc3 Be7 11. O-O Nf6 12. Qf3 O-O 13. Rd1 Nd5 14. Be4 Nxc3 15. bxc3 Qc7 16. Bf4 Bd6 17. Bxd6 Qxd6 18. Bxb7 Bxb7 19. Qxb7 Qd5 20. Qxd5 exd5 21. Rab1 Rfc8 22. Rdc1 Rc6 23. Kf1 Rac8 24. Rb3 h5 25. Ke2 Re8+ 26. Kd3 Rg6 27. Rg1 h4 28. Rb5 Rg5 29. g4 hxg3 30. hxg3 Rf5 31. f4 Rh5 32. Rb7 Rh2 33. Rd7 Rhe2 34. Rxd5 R8e3+ 35. Kc4 Rc2 36. a4 Rcxc3+ 37. Kb5 g6 38. g4 Re6 39. Kb4 Rf3 40. f5 Rb6+ 41. Ka5 Kg7 42. fxg6 Rxg6 43. Kb4 Rf4 44. g5 Rb6+ 45. Kc4 Rf2 46. Ra5 a6 47. Re1 Rc2+ 48. Kd3 Rcc6 49. Re7 Kg6 50. Ra7 Rb3+ 51. Ke4 Re6+ 52. Kd5 Rbb6 53. Kc4 Rbc6+ 54. Rc5 Rcd6 55. Rd5 Rc6+ 56. Kb4 Rc1 57. Rd8 Kg7 58. Rdd7 Rf1 59. Rd5 Kg6 60. Ka5 Ra1 61. Rd8 Kg7 62. Raa8 Kg6 63. Rd5 Kg7 64. Rc8 Rg1 65. Rcc5 Kg6 66. Rd8 Rg4 67. Kb4 Kg7 68. Kc4 Re1 69. Rf5 Rc1+ 70. Kb4 Rd1 71. Kc5 Kg6 72. Rfd5 Ra1 73. R8d6+ 1-0

[Event "Brussels"]
[Site "Brussels"]
[Date "1987.04.12"]
[Round "3"]
[White "Meulders, Richard"]
[Black "Karpov, Anatoly"]
[Result "0-1"]
[WhiteElo "2360"]
[BlackElo "2710"]
[PlyCount "124"]
[EventDate "1987.04.10"]
[Source "ChessBase"]

1. d4 Nf6 2. c4 e6 3. Nc3 Bb4 4. e3 c5 5. Bd3 Nc6 6. Nge2 d5 7. cxd5 Nxd5 8. a3 cxd4 9. axb4 dxc3 10. bxc3 O-O 11. e4 Nb6 12. Bf4 e5 13. Be3 Be6 14. Bc5 Re8 15. Bb5 Qc7 16. O-O Nc4 17. Qc2 b6 18. Bxc4 Bxc4 19. Be3 Nd8 20. Rfd1 Nb7 21. Ng3 Nd6 22. Nf5 Nb5 23. Bd2 Qc6 24. Ne3 Rec8 25. Be1 f6 26. f3 Be6 27. Rdc1 Nd6 28. Qa4 Qxa4 29. Rxa4 Kf7 30. Raa1 Rc7 31. Kf2 Rac8 32. Bd2 Bc4 33. Ke1 Ke6 34. Kf2 Ra8 35. Be1 a5 36. bxa5 bxa5 37. Rcb1 Ra6 38. Rb8 a4 39. Nc2 Raa7 40. Rb6 Rab7 41. Rxb7 Rxb7 42. Nb4 Ra7 43. Nc2 Bb3 44. Na3 Nc4 45. Nxc4 Bxc4 46. Ra3 Kd6 47. Bd2 Kc6 48. Bc1 Kb5 49. Ra1 Rd7 50. Ba3 Rd2+ 51. Kg3 h5 52. h4 Bb3 53. Bf8 Rd8 54. Bb4 Kc4 55. Rf1 Rd1 56. Rf2 Rd3 57. Bf8 Rd8 58. Bb4 Rb8 59. Ba3 Rd8 60. Bb4 Rd7 61. Rf1 Bd1 62. f4 Rd3+ 0-1

[Event "American Open"]
[Site "United States of America"]
[Date "1989.??.??"]
[Round "6"]
[White "Christiansen, Larry M"]
[Black "Browne, Walter S"]
[Result "1-0"]
[WhiteElo "2530"]
[BlackElo "2535"]
[PlyCount "70"]
[EventDate "1989.??.??"]
[Source "www.chesslib.no"]
[SourceDate "2004.05.04"]

1. d4 Nf6 2. c4 e6 3. Nc3 Bb4 4. e3 c5 5. Bd3 Nc6 6. Nge2 cxd4 7. exd4 d5 8. cxd5 Nxd5 9. a3 Bd6 10. Ne4 Be7 11. b4 f5 12. N4g3 O-O 13. O-O Bd6 14. Bc4 Nce7 15. Bg5 h6 16. Bxe7 Qxe7 17. Re1 Qf7 18. Nc1 b6 19. Nd3 Bb7 20. Qe2 Rac8 21. Rac1 Rxc4 22. Rxc4 Ba6 23. Rec1 f4 24. Ne4 f3 25. Qxf3 Qxf3 26. gxf3 Bxc4 27. Rxc4 Bb8 28. Kg2 Rd8 29. b5 Nf4+ 30. Nxf4 Bxf4 31. Nc3 Bd2 32. Ne4 Bf4 33. a4 Kf7 34. h3 Kg6 35. Nc3 Rd7 1-0

[Event "Jurmala"]
[Site "?"]
[Date "1987.??.??"]
[Round "?"]
[White "Psakhis, L."]
[Black "Razuvaev, Y."]
[Result "1/2-1/2"]
[WhiteElo "2575"]
[BlackElo "2490"]
[PlyCount "57"]
[EventDate "1987.??.??"]
[Source "ChessBase"]
[SourceDate "1987.07.01"]

1. d4 Nf6 2. c4 e6 3. Nc3 Bb4 4. e3 c5 5. Bd3 Nc6 6. Nge2 cxd4 7. exd4 d5 8. cxd5 Nxd5 9. O-O Nf6 10. Bc2 Bd6 11. a3 h6 12. Qd3 Ne7 13. Bf4 Bxf4 14. Nxf4 O-O 15. Rad1 b6 16. Nh5 Ng6 17. Qf3 Ba6 18. Nxf6+ Qxf6 19. Qxf6 gxf6 20. Rfe1 Ne7 21. Be4 Rac8 22. d5 Rfd8 23. f4 Bc4 24. d6 Nc6 25. f5 Ne5 26. Re3 Ba6 27. Bb1 Nc4 28. Rg3+ Kf8 29. fxe6 1/2-1/2

[Event "URS-chT"]
[Site "Moscow"]
[Date "1972.??.??"]
[Round "?"]
[White "Mukhin, Evgeny B"]
[Black "Petrosian, Tigran V"]
[Result "1/2-1/2"]
[WhiteElo "2420"]
[BlackElo "2645"]
[PlyCount "40"]
[EventDate "1972.??.??"]
[Source "ChessBase"]

1. d4 Nf6 2. c4 e6 3. Nc3 Bb4 4. e3 c5 5. Bd3 Nc6 6. Nge2 d5 7. a3 Bxc3+ 8. bxc3 dxc4 9. Bxc4 e5 10. Bb2 O-O 11. O-O Qc7 12. Rc1 Rd8 13. Qc2 b6 14. Ba2 Ba6 15. Rfd1 Na5 16. c4 exd4 17. exd4 cxd4 18. Bxd4 Rd6 19. Ng3 Rc6 20. c5 bxc5 1/2-1/2

[Event "ISR-ch op"]
[Site "Tel Aviv"]
[Date "2001.04.14"]
[Round "6"]
[White "Kaspi, Alexander"]
[Black "Gyimesi, Zoltan"]
[Result "0-1"]
[WhiteElo "2491"]
[BlackElo "2571"]
[PlyCount "154"]
[EventDate "2001.04.09"]
[Source "ChessBase"]
[SourceDate "2001.05.06"]

1. d4 Nf6 2. c4 e6 3. Nc3 Bb4 4. e3 c5 5. Bd3 Nc6 6. Nge2 cxd4 7. exd4 d5 8. cxd5 Qxd5 9. O-O Qh5 10. Bc2 O-O 11. a3 Bd6 12. Nf4 Qxd1 13. Rxd1 Rd8 14. Nfe2 h6 15. f3 b6 16. Be3 Ba6 17. Bd3 Bxd3 18. Rxd3 Ne7 19. Rad1 Rd7 20. h3 Rad8 21. Kf2 Nfd5 22. Nxd5 Nxd5 23. Nc3 Be7 24. Nxd5 Rxd5 25. Ke2 Bf6 26. Bf2 Kf8 27. Be3 Ke8 28. Bf2 Rc8 29. Be3 Kd7 30. R1d2 Rc6 31. Kd1 a5 32. Ke2 Kc8 33. Kd1 Kb7 34. a4 Rc4 35. b3 Rc7 36. Ke2 Rcd7 37. Rd1 b5 38. axb5 Rxb5 39. R1d2 Bd8 40. Ra2 Bb6 41. f4 Rc7 42. Bd2 Kc8 43. Be3 Rb7 44. Kd2 Bc7 45. Kc2 Kd7 46. Ra4 Rd5 47. Rc3 Bd6 48. Rcc4 Bb4 49. Ra1 Rdb5 50. Rd1 Kd6 51. Rd3 Kd5 52. Bc1 Rb8 53. Rc7 R5b7 54. Rxb7 Rxb7 55. Bb2 Ke4 56. Rf3 Rc7+ 57. Kd1 g6 58. Rf2 h5 59. g4 hxg4 60. hxg4 Ke3 61. Rf1 f5 62. gxf5 gxf5 63. Rh1 Kxf4 64. Rh6 Re7 65. Ke2 Ke4 66. Rh4+ Kd5 67. Rh8 Rg7 68. Kf3 Rb7 69. Ra8 Rb5 70. Ke2 Bd6 71. Bc3 Bc7 72. Ra7 Kc6 73. Kd3 Bb6 74. Re7 Kd6 75. Rb7 Rxb3 76. Kc2 a4 77. Rb8 Ba5 0-1

[Event "USA-ch"]
[Site "USA"]
[Date "1986.??.??"]
[Round "?"]
[White "Christiansen, Larry Mark"]
[Black "Lein, Anatoly"]
[Result "1/2-1/2"]
[WhiteElo "2560"]
[BlackElo "2500"]
[PlyCount "94"]
[EventDate "1986.10.??"]
[Source "ChessBase"]

1. d4 Nf6 2. c4 e6 3. Nc3 Bb4 4. e3 c5 5. Bd3 Nc6 6. Nge2 cxd4 7. exd4 d5 8. cxd5 exd5 9. O-O h6 10. Bc2 O-O 11. a3 Bd6 12. Bf4 Bg4 13. f3 Be6 14. Qd3 Rc8 15. Rae1 Re8 16. Bxd6 Qxd6 17. Ng3 Qf4 18. Nce2 Qc7 19. Ba4 Bd7 20. Nc3 Qb6 21. Bxc6 Rxe1 22. Rxe1 Qxc6 23. Re5 Be6 24. f4 Qc4 25. Qxc4 Rxc4 26. f5 Bd7 27. Nge2 Kf8 28. h3 Rc6 29. Kf2 Rb6 30. b4 Ra6 31. Nxd5 Rxa3 32. Nxf6 gxf6 33. Rc5 b6 34. Rc7 Bxf5 35. Nc3 h5 36. d5 a5 37. bxa5 Rxa5 38. d6 Rc5 39. Rxc5 bxc5 40. Nd5 h4 41. Nxf6 c4 42. Ke3 c3 43. d7 Ke7 44. Nd5+ Kxd7 45. Nxc3 Ke6 46. Kf4 Bd3 47. Nd1 Ba6 1/2-1/2

[Event "EUCup final"]
[Site "Budapest"]
[Date "1996.??.??"]
[Round "4"]
[White "Renet, Olivier"]
[Black "Greenfeld, Alon"]
[Result "0-1"]
[WhiteElo "2505"]
[BlackElo "2555"]
[PlyCount "58"]
[EventDate "1996.11.27"]
[Source "ChessBase"]

1. d4 Nf6 2. c4 e6 3. Nc3 Bb4 4. e3 c5 5. Bd3 Nc6 6. Nge2 cxd4 7. exd4 d5 8. cxd5 Nxd5 9. O-O Bd6 10. Ne4 Be7 11. a3 b6 12. Bc2 Ba6 13. Re1 O-O 14. N2g3 Rc8 15. Nh5 g6 16. Nhg3 Re8 17. Ba4 b5 18. Bb3 Na5 19. Bxd5 Qxd5 20. Nc3 Qb3 21. Qg4 Bb7 22. h4 Nc4 23. d5 Nxb2 24. dxe6 Nd3 25. Bd2 Nxe1 26. exf7+ Qxf7 27. Bxe1 Bf6 28. Nf5 Qe6 29. Nh6+ Kg7 0-1

[Event "32nd TCh-GRE"]
[Site "Kallithea Chalkidiki"]
[Date "2003.07.05"]
[Round "2"]
[White "Solak, Dragan"]
[Black "Vouldis, Angelos"]
[Result "1-0"]
[WhiteElo "2521"]
[BlackElo "2539"]
[PlyCount "77"]
[EventDate "2003.07.04"]
[Source "Roberto Alvarez"]
[SourceDate "2003.07.14"]

1. d4 Nf6 2. c4 e6 3. Nc3 Bb4 4. e3 c5 5. Bd3 Nc6 6. Nge2 d5 7. O-O dxc4 8. Bxc4 O-O 9. a3 cxd4 10. axb4 dxc3 11. bxc3 Qc7 12. Bb3 Rd8 13. Qc2 Bd7 14. Rd1 Rdc8 15. Bb2 a5 16. b5 Ne5 17. c4 Neg4 18. Nf4 e5 19. Nd3 Bxb5 20. h3 Nh6 21. Nxe5 Be8 22. g4 Ra6 23. Qd3 Bc6 24. c5 Re8 25. f4 Ne4 26. Qd4 Nf6 27. Qc4 a4 28. Bc2 b5 29. cxb6 Qxb6 30. Bd4 Qb7 31. g5 Bh1 32. Qe2 Ne4 33. gxh6 Rxh6 34. Kh2 Rxe5 35. Bxe5 Qc8 36. f5 Rxh3+ 37. Kxh3 Qxf5+ 38. Kh2 Qxe5+ 39. Kxh1 1-0

[Event "56th ch-RUS"]
[Site "Krasnoyarsk"]
[Date "2003.09.06"]
[Round "4"]
[White "Logunov, Maxim"]
[Black "Filippov, Valerij"]
[Result "0-1"]
[WhiteElo "2422"]
[BlackElo "2630"]
[PlyCount "56"]
[EventDate "2003.09.03"]
[Source "Roberto Alvarez"]
[SourceDate "2003.09.15"]

1. d4 Nf6 2. c4 e6 3. Nc3 Bb4 4. e3 c5 5. Bd3 Nc6 6. Nge2 cxd4 7. exd4 d5 8. O-O O-O 9. Bg5 dxc4 10. Bxc4 Be7 11. a3 b6 12. Qd3 Bb7 13. Rad1 Rc8 14. Ba2 Nd5 15. Bb1 g6 16. Bh6 Re8 17. Nxd5 Qxd5 18. Nf4 Qd6 19. d5 Ne5 20. dxe6 Nxd3 21. exf7+ Kxf7 22. Ba2+ Kf6 23. Rxd3 Qxd3 24. Nxd3 Ba6 25. Ne5 Kxe5 26. Re1+ Kf6 27. Re6+ Kf5 28. h3 Bc4 0-1